Hityaʻatsut ha-Tsiyonit ha-ʻOlamit, Yerushalayim, 26-28 Shevat 725, Februar 25-27 1968. (Record no. 33807)

MARC details
000 -LEADER
fixed length control field 00717cam a22002291 4500
001 - CONTROL NUMBER
control field he 68003169
003 - CONTROL NUMBER IDENTIFIER
control field DLC
005 - DATE AND TIME OF LATEST TRANSACTION
control field 20260227111504.0
008 - FIXED-LENGTH DATA ELEMENTS--GENERAL INFORMATION
fixed length control field 940303s1968 is 000 0 heb
010 ## - LIBRARY OF CONGRESS CONTROL NUMBER
LC control number he 68003169
025 ## - OVERSEAS ACQUISITION NUMBER
Overseas acquisition number PL480:Is-7592
035 ## - SYSTEM CONTROL NUMBER
System control number (OCoLC)29897360
040 ## - CATALOGING SOURCE
Original cataloging agency DLC
Transcribing agency TxU
Modifying agency DLC
042 ## - AUTHENTICATION CODE
Authentication code premarc
050 00 - LIBRARY OF CONGRESS CALL NUMBER
Classification number DS149
Item number .A39462
110 2# - MAIN ENTRY--CORPORATE NAME
Corporate name or jurisdiction name as entry element World Zionist Organization.
Subordinate unit Information Department.
245 10 - TITLE STATEMENT
Title Hityaʻatsut ha-Tsiyonit ha-ʻOlamit, Yerushalayim, 26-28 Shevat 725, Februar 25-27 1968.
260 ## - PUBLICATION, DISTRIBUTION, ETC.
Place of publication, distribution, etc. [Yerushalayim]
Name of publisher, distributor, etc. ha-Histadrut ha-Tsiyonit ha-ʻOlamit, ha-Maḥlakah le-hasbarah
Date of publication, distribution, etc. [1968]
300 ## - PHYSICAL DESCRIPTION
Extent 19 l.
Dimensions 28 cm.
500 ## - GENERAL NOTE
General note Cover title.
650 #0 - SUBJECT ADDED ENTRY--TOPICAL TERM
Topical term or geographic name entry element Zionism.

No items available.

Powered by Koha